000 00820cab a2200265 4500
001 ABS57756
008 090401t1997 xxu||||| |||| 00| 0 eng d
035 _a(Sirsi) u81571
041 _aeng
100 _aLarkin, D
245 _aInsuring in the information age
260 _c1997
350 _a0
490 _aProperty Week
_v61(1) 3 October 1997, 24(1)
520 _aExplains how property insurance services are changing in response to commercial tenants and property owners wanting more value for money.
650 _aASSET MANAGEMENT
650 _aCOMMERCIAL TENANTS
650 _aMANAGEMENT-BUSINESS MANAGEMENT-INFORMATION MANAGEMENT
650 _aINSURANCE COSTS
650 _aMANAGING AGENTS
650 _aPROPERTY INSURANCE
690 _aInsurance
_96249
942 _n0
948 _c21/10/1997
999 _c51403
_d51403